000 00502nam a22001817a 4500
005 20251010120332.0
008 250909b |||||||| |||| 00| 0 eng d
020 _a978-93-5090-507-4
041 _aeng
082 _a611 RAW-G
100 _aRAWLANI, SHOBHA AND RAWLANI, SHIVLAL
_98676
245 _aTEXTBOOK OF GENERAL ANATOMY [2ND ED,]
250 _a2ND ED. 2013
260 _aNEW DELHI
_bJAYPEE BROTHERS MEDICAL PUBLISHERS LTD.
300 _a218;P
650 _aPARAMEDICAL
_98669
942 _cBK
999 _c8806
_d8804